000 00530nam a2200193Ia 4500
005 20250326140515.0
008 250326s9999 xx 000 0 und d
037 _aTextbook
040 _aFMSL
_beng
_cFMSL
041 _aeng
_2eng
084 _aX:89A N4
_qFMSL
100 _aBuffa E S
245 0 _aModern production and operations management
_cBuffa E S; Sarin R K
250 _a8
260 _aNew York
_bNew York, . John Wiley
_c1994
300 _a834p
942 _cTB
_hX:89A N4
999 _c1286107
_d1286107